000 00935nam a2200265 a 4500
008 150921e1986 ag ||||f |||| 00| 0 spa d
020 _a9509428035
041 _aspa
092 _c616.12
_l51
_sMAR
100 1 _aMartínez Martínez, José A.
_93791
245 _aInsuficiencia aórtica aguda grave /
_cJosé A. Martínez Martínez
250 _a1a ed.
260 _aBuenos Aires:
_bEditorial Cientifica Interamericana;
_c1986.
300 _a141 p.
_bil
500 _aMartínez Martínez., J. A., Suárez, L. D. y Perosio, A. M. (1986). Insuficiencia aórtica aguda grave. (1a ed.). Buenos Aires : Editorial Científica Interamericana.
653 _aHistoria aortica
653 _aEtiologia y fisiopatologia
653 _aCuadro clinico
653 _aTecnicas complementarias
653 _aTratamiento
653 _aAnatomia
700 1 _aSuárez, Luis D.
_91582
700 1 _aPerosio, Albino M.
_93792
942 _2ddc
_cBK
999 _c2209
_d2209